[Event "8eme Open International de La Fere"]
[Site "La Fere (FRA)"]
[Date "2009.07.06"]
[Round "3.54"]
[White "Jacob, Guillaume"]
[Black "Pierret, Paul"]
[Result "0-1"]
[WhiteElo "1150"]
[BlackElo "1495"]
[PlyCount "76"]
[EventDate "2009.??.??"]

1. d4 d5 2. e3 Bf5 3. Nf3 e6 4. Be2 a6 5. O-O Be7 6. b3 Nf6 7. Bb2 Nc6 8. Bd3
Bxd3 9. Qxd3 Ne4 10. Qe2 O-O 11. Nbd2 Nf6 12. c4 Nb4 13. c5 Nc2 14. Rac1 Nb4
15. a3 Nc6 16. b4 Nb8 17. Ne5 c6 18. Qd3 b6 19. Nb3 Qc7 20. f4 Nbd7 21. cxb6
Qxb6 22. Nxc6 Bd6 23. Nba5 Ne4 24. Ne5 Nxe5 25. dxe5 Rfc8 26. exd6 Qxd6 27. Qd4
f6 28. Rxc8+ Rxc8 29. Rc1 Rxc1+ 30. Bxc1 Qc7 31. Bb2 Qc2 32. h4 Qf2+ 33. Kh2
Qxh4+ 34. Kg1 Qe1+ 35. Kh2 Qh4+ 36. Kg1 Ng3 37. f5 Ne2+ 38. Kf1 Nxd4 0-1

[Event "8eme Open International de La Fere"]
[Site "La Fere (FRA)"]
[Date "2009.07.06"]
[Round "3.55"]
[White "Gosset, Hugo"]
[Black "Tawegoum, Ivan"]
[Result "0-1"]
[WhiteElo "1099"]
[BlackElo "1490"]
[PlyCount "58"]
[EventDate "2009.??.??"]

1. e4 e5 2. Nf3 Nc6 3. Bb5 Bc5 4. Nc3 Nge7 5. d3 a6 6. Bxc6 Nxc6 7. Qe2 d6 8.
Be3 Bb4 9. Bd2 Bg4 10. O-O Nd4 11. Qd1 Nxf3+ 12. gxf3 Bh3 13. f4 Bxf1 14. Kxf1
Bxc3 15. Bxc3 exf4 16. Bxg7 Rg8 17. Bh6 Qf6 18. Qh5 Rg6 19. e5 Rxh6 20. exf6
Rxh5 21. Re1+ Re5 22. Rd1 O-O-O 23. d4 Rf5 24. Rd3 Rxf6 25. c4 c5 26. d5 Re8
27. b3 f3 28. Rd2 Rh6 29. Kg1 Re1# 0-1

[Event "8eme Open International de La Fere"]
[Site "La Fere (FRA)"]
[Date "2009.07.06"]
[Round "3.56"]
[White "Bouguettouche, Didier"]
[Black "Devoitine, Thomas"]
[Result "1-0"]
[WhiteElo "1460"]
[BlackElo "1200"]
[PlyCount "105"]
[EventDate "2009.??.??"]

1. e4 c5 2. Bc4 Nc6 3. Nf3 Nf6 4. d3 g6 5. Nc3 Bg7 6. Ng5 O-O 7. Be3 d6 8. Nf3
e5 9. O-O Bg4 10. h3 Bxf3 11. Qxf3 Nb4 12. Bb3 Qb6 13. Bg5 Nh5 14. a3 Nxc2 15.
Bxc2 Qxb2 16. Nd5 Qxc2 17. Rfc1 Qb3 18. Rcb1 Qc2 19. Rxb7 f5 20. exf5 Kh8 21.
Qd1 Qxd1+ 22. Rxd1 Rxf5 23. Be7 e4 24. dxe4 Re5 25. Bxd6 Rxe4 26. Bxc5 a5 27.
Rdb1 Be5 28. Re7 Rc8 29. Bd6 Rd8 30. Rxe5 Rxe5 31. Bxe5+ Ng7 32. Bxg7+ Kxg7 33.
Rb5 Re8 34. Rxa5 Re5 35. Ra7+ Kh6 36. Nf6 Re1+ 37. Kh2 g5 38. Nxh7 Rf1 39. Kg3
Kh5 40. Ra5 Kg6 41. Nxg5 Rb1 42. Nf3 Rb3 43. a4 Ra3 44. Ra8 Kf5 45. a5 Ke4 46.
h4 Kd3 47. a6 Ke2 48. a7 Rd3 49. Re8+ Re3 50. Rxe3+ Kd1 51. a8=Q Kc1 52. Qa2
Kd1 53. Re1# 1-0

[Event "8eme Open International de La Fere"]
[Site "La Fere (FRA)"]
[Date "2009.07.06"]
[Round "3.57"]
[White "Pruvost, Loic"]
[Black "Cherief, Hicham"]
[Result "0-1"]
[WhiteElo "1420"]
[BlackElo "1199"]
[PlyCount "74"]
[EventDate "2009.??.??"]

1. e4 e5 2. Nf3 Nc6 3. Bc4 Bc5 4. c3 a6 5. d4 exd4 6. cxd4 Bb6 7. Ng5 Nh6 8.
Qf3 Qe7 9. Nc3 Nxd4 10. Qf4 Nc2+ 11. Ke2 Nxa1 12. Nd5 Qf8 13. Be3 c6 14. Bxb6
cxd5 15. Qe5+ Qe7 16. Qxe7+ Kxe7 17. Bc5+ d6 18. Rxa1 dxc4 19. Bd4 f6 20. Nf3
Be6 21. Nd2 Rac8 22. h3 d5 23. f3 Rhd8 24. Bb6 Rd7 25. b4 Kf7 26. Nf1 dxe4 27.
fxe4 c3 28. Be3 c2 29. Kf3 Rd1 30. Rc1 Bc4 31. Nd2 Rxc1 32. Nxc4 Rf1+ 33. Ke2
c1=Q 34. Bxc1 Rxc1 35. Nd6+ Ke7 36. Nxc8+ Rxc8 37. Kd3 Rc1 0-1

[Event "8eme Open International de La Fere"]
[Site "La Fere (FRA)"]
[Date "2009.07.06"]
[Round "3.58"]
[White "Wolfangel, Jocelyne"]
[Black "Van Poucke, Guy"]
[Result "1-0"]
[WhiteElo "1410"]
[BlackElo "1190"]
[PlyCount "63"]
[EventDate "2009.??.??"]

1. d4 d5 2. c4 Nf6 3. Nc3 e6 4. a3 Be7 5. Nf3 O-O 6. Qc2 Nc6 7. e3 dxc4 8. Bxc4
Bd6 9. O-O e5 10. d5 Ne7 11. e4 Ng6 12. Ne2 Bg4 13. Qd3 Nh5 14. Ng3 Nxg3 15.
fxg3 f5 16. h3 fxe4 17. Qxe4 Bxf3 18. Rxf3 Rxf3 19. Qxf3 Qe7 20. b4 Rf8 21. Qe2
e4 22. Be3 Qe5 23. Qe1 Qxg3 24. Qxg3 Bxg3 25. d6+ Kh8 26. d7 Ne5 27. Rd1 Nxd7
28. Rxd7 Be5 29. Bd4 Bxd4+ 30. Rxd4 e3 31. Re4 h6 32. Rxe3 1-0

[Event "8eme Open International de La Fere"]
[Site "La Fere (FRA)"]
[Date "2009.07.06"]
[Round "3.59"]
[White "Degraeve, Thomas"]
[Black "Landon, Boris"]
[Result "0-1"]
[WhiteElo "1009"]
[BlackElo "1390"]
[PlyCount "54"]
[EventDate "2009.??.??"]

1. d4 d5 2. Nf3 f6 3. Nc3 c6 4. Bf4 h6 5. e3 Bg4 6. Be2 g5 7. Bxb8 Rxb8 8. O-O
h5 9. h3 Bxf3 10. Bxf3 g4 11. Bxg4 hxg4 12. Qxg4 Qd7 13. Qxd7+ Kxd7 14. Rfe1 e6
15. Rad1 Bb4 16. Rd3 f5 17. f4 Nf6 18. a3 Bxc3 19. Rxc3 Ne4 20. Rb3 Nd2 21. Rd3
Nc4 22. b4 Rbg8 23. Kf2 Nd6 24. Rc3 Ne4+ 25. Kf3 Nxc3 26. Rh1 Ne4 27. g4 fxg4+
0-1

[Event "8eme Open International de La Fere"]
[Site "La Fere (FRA)"]
[Date "2009.07.06"]
[Round "3.61"]
[White "Tonneau, Bastien"]
[Black "Belloc, Clemence"]
[Result "0-1"]
[WhiteElo "1199"]
[BlackElo "1300"]
[PlyCount "52"]
[EventDate "2009.??.??"]

1. e4 e5 2. Nc3 Nf6 3. Nf3 Nc6 4. Bc4 Bc5 5. O-O d6 6. d3 Bg4 7. Be3 Nd4 8. Qd2
Bxf3 9. Bxd4 Bxd4 10. gxf3 Nh5 11. Rab1 c6 12. Ne2 Qf6 13. Nxd4 exd4 14. c3
Qxf3 15. Qg5 O-O 16. Qf5 Nf4 17. Qxf4 Qxf4 18. Rbe1 c5 19. Bd5 Qf3 20. Rd1 Rae8
21. cxd4 cxd4 22. Rfe1 Re5 23. Bxb7 Rg5+ 24. Kf1 Rg2 25. Rd2 Rxh2 26. e5 Rh1#
0-1

[Event "8eme Open International de La Fere"]
[Site "La Fere (FRA)"]
[Date "2009.07.06"]
[Round "4.3"]
[White "Goldsztejn, Gildas"]
[Black "Gozzoli, Yannick"]
[Result "1/2-1/2"]
[WhiteElo "2403"]
[BlackElo "2498"]
[PlyCount "54"]
[EventDate "2009.??.??"]

1. Nf3 Nf6 2. c4 c6 3. Nc3 d5 4. d4 e6 5. Bg5 h6 6. Bh4 dxc4 7. e4 b5 8. e5 g5
9. Nxg5 hxg5 10. Bxg5 Nbd7 11. g3 Bb7 12. Bg2 Qb6 13. exf6 O-O-O 14. O-O c5 15.
d5 b4 16. Rb1 Qa6 17. dxe6 Bxg2 18. e7 Bxf1 19. Qd5 Bxe7 20. fxe7 Bd3 21. Ne4
Bxb1 22. Nd6+ Kc7 23. Bf4 Kb6 24. exd8=Q+ Rxd8 25. Nxc4+ Kb5 26. Nd6+ Kb6 27.
Nc4+ Kb5 1/2-1/2

[Event "8eme Open International de La Fere"]
[Site "La Fere (FRA)"]
[Date "2009.07.06"]
[Round "4.5"]
[White "Degraeve, Jean-Marc"]
[Black "Demanghon, Jonathan"]
[Result "1-0"]
[WhiteElo "2559"]
[BlackElo "2211"]
[PlyCount "99"]
[EventDate "2009.??.??"]

1. e4 e6 2. d4 d5 3. Nd2 Nf6 4. e5 Nfd7 5. c3 c5 6. Ngf3 b6 7. Bb5 Ba6 8. a4
Qc8 9. Qe2 Qb7 10. O-O Bxb5 11. axb5 a6 12. c4 dxc4 13. bxa6 Rxa6 14. Rxa6 Nxa6
15. Nxc4 b5 16. Ne3 Nc7 17. Bd2 Be7 18. Ba5 O-O 19. Bxc7 Qxc7 20. Rc1 Qb8 21.
dxc5 Bxc5 22. Nf1 Qb6 23. N1d2 Rd8 24. Nb3 b4 25. g3 h6 26. Kg2 Be7 27. Qc2 Nc5
28. Nxc5 Rc8 29. Qe4 Rxc5 30. Rxc5 Bxc5 31. Qe2 b3 32. h4 Bd4 33. Qd2 Bc5 34.
h5 Qb7 35. Qd8+ Bf8 36. Qd3 Bc5 37. g4 Ba7 38. g5 Qb6 39. g6 Qxf2+ 40. Kh3 fxg6
41. hxg6 Bb6 42. Qxb3 Qf1+ 43. Kg3 Qe1+ 44. Kh2 Bg1+ 45. Nxg1 Qf2+ 46. Kh1 Qh4+
47. Kg2 Qg5+ 48. Qg3 Qd2+ 49. Kh3 Qxb2 50. Qf3 1-0

[Event "8eme Open International de La Fere"]
[Site "La Fere (FRA)"]
[Date "2009.07.06"]
[Round "4.7"]
[White "Genov, Petar"]
[Black "Genova, Lyubka"]
[Result "1/2-1/2"]
[WhiteElo "2478"]
[BlackElo "2209"]
[PlyCount "62"]
[EventDate "2009.??.??"]

1. c4 c5 2. Nc3 Nc6 3. g3 g6 4. Bg2 Bg7 5. e4 e5 6. Nge2 Nge7 7. d3 d6 8. a3 a6
9. Rb1 Rb8 10. b4 cxb4 11. axb4 b5 12. cxb5 axb5 13. O-O O-O 14. Be3 Nd4 15.
Bxd4 exd4 16. Nd5 Nxd5 17. exd5 Bg4 18. Re1 Bxe2 19. Rxe2 Re8 20. Ra1 Rxe2 21.
Qxe2 Ra8 22. Qe1 Rxa1 23. Qxa1 Qe8 24. Kf1 Qc8 25. Qb1 Kf8 26. f4 f5 27. Bf3 h5
28. h4 Bf6 29. Bd1 Qc3 30. Ke2 Kf7 31. Bc2 Be7 1/2-1/2

[Event "8eme Open International de La Fere"]
[Site "La Fere (FRA)"]
[Date "2009.07.06"]
[Round "4.8"]
[White "Delorme, Laurie"]
[Black "Marzolo, Cyril"]
[Result "0-1"]
[WhiteElo "2152"]
[BlackElo "2443"]
[PlyCount "65"]
[EventDate "2009.??.??"]

1. d4 Nf6 2. c4 g6 3. Nf3 c5 4. d5 b5 5. Qc2 d6 6. e4 Bg7 7. cxb5 a6 8. Nc3 O-O
9. Bc4 Nbd7 10. O-O Ne8 11. Re1 Nc7 12. Bf4 axb5 13. Nxb5 Ba6 14. Nxc7 Qxc7 15.
Bxa6 Rxa6 16. a3 Rb8 17. Rab1 Rab6 18. b3 Ra8 19. a4 Rb4 20. Bd2 Rb7 21. Be3
Qa5 22. Bd2 Qa6 23. h3 Rab8 24. Bg5 Ne5 25. Nd2 Qd3 26. Qxd3 Nxd3 27. Re3 Nb2
28. Rxb2 h6 29. Bh4 Bd4 30. Rf3 f6 31. Kf1 Kf7 32. g4 g5 33. Bg3 0-1

[Event "8eme Open International de La Fere"]
[Site "La Fere (FRA)"]
[Date "2009.07.06"]
[Round "4.9"]
[White "Venkatesh, M.r"]
[Black "Ahlers, Ben"]
[Result "1/2-1/2"]
[WhiteElo "2426"]
[BlackElo "2136"]
[PlyCount "54"]
[EventDate "2009.??.??"]

1. Nf3 Nf6 2. g3 g6 3. d3 Bg7 4. e4 d6 5. Bg2 O-O 6. O-O c5 7. Re1 Nc6 8. c3
Rb8 9. d4 cxd4 10. cxd4 Bg4 11. Nc3 Qa5 12. h3 Bxf3 13. Bxf3 Qb4 14. d5 Ne5 15.
Bg2 Rbc8 16. Qe2 a6 17. Kh2 Nh5 18. f4 Nc4 19. Nd1 Rc7 20. Nf2 Rfc8 21. Nd3 Qb6
22. Rb1 Qa5 23. a3 Qb5 24. b3 Bd4 25. g4 Nf6 26. a4 Qb6 27. Qf3 Nd7 1/2-1/2

[Event "8eme Open International de La Fere"]
[Site "La Fere (FRA)"]
[Date "2009.07.06"]
[Round "4.12"]
[White "Broekman, Willem"]
[Black "Piankov, Evgenij"]
[Result "0-1"]
[WhiteElo "2129"]
[BlackElo "2356"]
[PlyCount "98"]
[EventDate "2009.??.??"]

1. d4 d5 2. c4 c6 3. Nf3 e6 4. Qa4 Nd7 5. cxd5 exd5 6. Nc3 Ngf6 7. Bg5 Be7 8.
e3 h6 9. Bf4 O-O 10. Rc1 Re8 11. Bd3 Nb6 12. Qc2 Bd6 13. Bg3 Nc4 14. Bxc4 dxc4
15. Bxd6 Qxd6 16. O-O b5 17. e4 Qf4 18. Ne5 Ng4 19. Nxg4 Bxg4 20. f3 Be6 21.
Qf2 a6 22. Rfd1 Rad8 23. Qd2 Qxd2 24. Rxd2 f5 25. Re1 fxe4 26. fxe4 Bf7 27. a3
a5 28. Ree2 Bh5 29. Rf2 Bg6 30. Rfe2 b4 31. axb4 axb4 32. Na2 Rb8 33. e5 Bd3
34. Rf2 Ra8 35. Rxd3 cxd3 36. Nxb4 Red8 37. Nxc6 Ra1+ 38. Rf1 Rda8 39. Ne7+ Kh7
40. Nd5 Rxf1+ 41. Kxf1 Ra1+ 42. Kf2 d2 43. Nc3 d1=Q 44. Nxd1 Rxd1 45. Ke3 Kg6
46. Ke4 Kf7 47. Kd5 Rb1 48. Kd6 Ke8 49. Ke6 Rxb2 0-1

[Event "8eme Open International de La Fere"]
[Site "La Fere (FRA)"]
[Date "2009.07.06"]
[Round "4.13"]
[White "Noordhoek, Henk"]
[Black "Sandu, Mihaela"]
[Result "0-1"]
[WhiteElo "2080"]
[BlackElo "2312"]
[PlyCount "70"]
[EventDate "2009.??.??"]

1. g3 Nf6 2. Nf3 b5 3. Bg2 Bb7 4. O-O c5 5. b3 e6 6. Bb2 Be7 7. d4 cxd4 8. Nxd4
Qb6 9. Qd3 Bxg2 10. Kxg2 Qb7+ 11. Qf3 d5 12. Nd2 Nbd7 13. Qd3 a6 14. N4f3 O-O
15. Kg1 Rac8 16. Rfc1 Ne4 17. Rab1 f5 18. e3 b4 19. c4 bxc3 20. Bxc3 Nxc3 21.
Rxc3 Bb4 22. Rcc1 Qb6 23. Kg2 g6 24. Rc2 Rxc2 25. Qxc2 e5 26. Rd1 e4 27. Nd4
Ne5 28. Rc1 Nd3 29. Ra1 f4 30. gxf4 Nxf4+ 31. Kg3 Qf6 32. h4 Nh5+ 33. Kh3 Qxf2
34. Nxe4 Rf3+ 35. Nxf3 Qxc2 0-1

[Event "8eme Open International de La Fere"]
[Site "La Fere (FRA)"]
[Date "2009.07.06"]
[Round "4.14"]
[White "Pytel, Krzysztof"]
[Black "Thomas, Olivier"]
[Result "1-0"]
[WhiteElo "2383"]
[BlackElo "2068"]
[PlyCount "55"]
[EventDate "2009.??.??"]

1. d4 Nf6 2. Nf3 g6 3. c4 Bg7 4. Nc3 O-O 5. e4 d6 6. h3 Nbd7 7. Bg5 e5 8. d5 h6
9. Be3 Ne8 10. g4 Nc5 11. Rg1 Kh7 12. b4 Na6 13. a3 f5 14. gxf5 gxf5 15. exf5
Bxf5 16. Bd3 Kh8 17. Bxf5 Rxf5 18. Ne4 Rh5 19. Nfg5 Rxg5 20. Bxg5 hxg5 21. Qh5+
Kg8 22. Nxg5 Qf6 23. Qh7+ Kf8 24. Ne6+ Kf7 25. Qh5+ Ke7 26. Rg6 Qf7 27. Nxg7
Nxg7 28. Qg5+ 1-0

[Event "8eme Open International de La Fere"]
[Site "La Fere (FRA)"]
[Date "2009.07.06"]
[Round "4.15"]
[White "Houriez, Clement"]
[Black "Hoelting, Siegfried"]
[Result "1/2-1/2"]
[WhiteElo "2314"]
[BlackElo "1920"]
[PlyCount "47"]
[EventDate "2009.??.??"]

1. e4 e5 2. Nf3 Nc6 3. Bb5 Nf6 4. O-O Nxe4 5. d4 Nd6 6. Bxc6 dxc6 7. dxe5 Nf5
8. Qxd8+ Kxd8 9. Nc3 Bb4 10. Ne2 h6 11. Bd2 Bxd2 12. Rad1 g6 13. Nxd2 Be6 14.
Ne4+ Ke7 15. b3 Rad8 16. N4g3 c5 17. c3 a5 18. Nf4 Nxg3 19. hxg3 c6 20. Nxe6
Kxe6 21. f4 h5 22. Kf2 Rd5 23. Ke3 Rxd1 24. Rxd1 1/2-1/2

[Event "8eme Open International de La Fere"]
[Site "La Fere (FRA)"]
[Date "2009.07.06"]
[Round "4.16"]
[White "Molet, Asher"]
[Black "Forthofer, Robert"]
[Result "0-1"]
[WhiteElo "1900"]
[BlackElo "2263"]
[PlyCount "44"]
[EventDate "2009.??.??"]

1. d4 d5 2. Nf3 Nc6 3. Bf4 Bg4 4. c3 e6 5. Nbd2 Bd6 6. Ne5 Bxe5 7. dxe5 Nge7 8.
Qa4 Bf5 9. e4 dxe4 10. Nxe4 Qd5 11. Ng3 O-O-O 12. Nxf5 exf5 13. Qc4 Ng6 14.
Qxd5 Rxd5 15. g3 Ncxe5 16. Bg2 Nd3+ 17. Kf1 Ndxf4 18. gxf4 Rd2 19. Bh3 Nxf4 20.
Bxf5+ Kb8 21. Rg1 g6 22. Rg4 Nh3 0-1

[Event "8eme Open International de La Fere"]
[Site "La Fere (FRA)"]
[Date "2009.07.06"]
[Round "4.18"]
[White "Daniel, Antoine"]
[Black "Nepveu, Manuel"]
[Result "1/2-1/2"]
[WhiteElo "1835"]
[BlackElo "2015"]
[PlyCount "50"]
[EventDate "2009.??.??"]

1. e4 e6 2. d4 d5 3. exd5 exd5 4. Bd3 Bd6 5. Nf3 Bg4 6. O-O Ne7 7. Bg5 f6 8.
Bh4 O-O 9. c3 Bf5 10. Bg3 Bxg3 11. hxg3 Qd7 12. Bxf5 Nxf5 13. Qd3 c6 14. Nbd2
Na6 15. Rae1 Rfe8 16. Rxe8+ Rxe8 17. Re1 Nd6 18. Kf1 Nc7 19. Rxe8+ Qxe8 20. Ne1
g6 21. Qe2 Kf7 22. Qxe8+ Ncxe8 23. Ke2 Ke6 24. Nd3 b6 25. Nf4+ Kd7 1/2-1/2

[Event "8eme Open International de La Fere"]
[Site "La Fere (FRA)"]
[Date "2009.07.06"]
[Round "4.19"]
[White "Neumair, Jerome"]
[Black "Poulain, Andre"]
[Result "1-0"]
[WhiteElo "2007"]
[BlackElo "1820"]
[PlyCount "99"]
[EventDate "2009.??.??"]

1. d4 Nf6 2. c4 e5 3. dxe5 Ng4 4. Nf3 Nc6 5. Bf4 Bb4+ 6. Nbd2 Qe7 7. a3 Ncxe5
8. Nxe5 Nxe5 9. e3 Bxd2+ 10. Qxd2 d6 11. Be2 O-O 12. O-O Kh8 13. Rac1 b6 14.
Bxe5 Qxe5 15. Qd5 Be6 16. Qd4 c5 17. Qd2 Rad8 18. f4 Qf6 19. Bf3 g6 20. b3 Qe7
21. Rc3 f5 22. Rd3 Rf6 23. Re1 Qf8 24. h3 h5 25. g3 Kg7 26. Rd1 Bc8 27. h4 Qe7
28. Qg2 Re6 29. Re1 Re8 30. Bd5 Rf6 31. e4 fxe4 32. Rxe4 Qf8 33. Rde3 Rxe4 34.
Qxe4 a6 35. a4 Bf5 36. Qe7+ Qxe7 37. Rxe7+ Kf8 38. Rb7 Be6 39. Bxe6 Rxe6 40.
Rxb6 a5 41. Kf2 Re7 42. Rxd6 Kf7 43. Rc6 Rb7 44. Rxc5 Rxb3 45. Rxa5 Rc3 46. Rc5
Ra3 47. a5 Ra4 48. f5 gxf5 49. Rxf5+ Kg6 50. Rc5 1-0

[Event "8eme Open International de La Fere"]
[Site "La Fere (FRA)"]
[Date "2009.07.06"]
[Round "4.20"]
[White "Jimenez, Martin"]
[Black "Waquet, Frederic"]
[Result "1/2-1/2"]
[WhiteElo "1798"]
[BlackElo "2005"]
[PlyCount "53"]
[EventDate "2009.??.??"]

1. d4 Nf6 2. Nf3 c5 3. c4 cxd4 4. Nxd4 b6 5. Bf4 a6 6. Nc3 Bb7 7. e3 e6 8. Nf3
d6 9. Be2 Be7 10. Qb3 Nbd7 11. O-O O-O 12. Rfd1 Qc7 13. Na4 Rfd8 14. Rac1 Ne4
15. Qd3 Ndf6 16. b4 Bc6 17. Nc3 Qb8 18. Nxe4 Bxe4 19. Qb3 Ra7 20. h3 Rad7 21.
Nd2 Bb7 22. Qb1 Qa8 23. Bf3 Bxf3 24. Nxf3 Qb7 25. a4 Ne4 26. Qc2 Bf6 27. Rd3
1/2-1/2

[Event "8eme Open International de La Fere"]
[Site "La Fere (FRA)"]
[Date "2009.07.06"]
[Round "4.21"]
[White "Auroy, Didier"]
[Black "Parent, Henri"]
[Result "1-0"]
[WhiteElo "2000"]
[BlackElo "1600"]
[PlyCount "56"]
[EventDate "2009.??.??"]

1. d4 Nf6 2. c4 b5 3. Nf3 e6 4. e3 c6 5. Be2 Bb4+ 6. Nbd2 O-O 7. O-O a6 8. Qc2
Bb7 9. b3 d6 10. Bb2 Nbd7 11. a3 Bxd2 12. Nxd2 bxc4 13. Nxc4 Qe7 14. a4 Nd5 15.
Na5 N7b6 16. Ba3 Qd7 17. Nxb7 Qxb7 18. Bxd6 Rfd8 19. Ba3 Rac8 20. Rfc1 f5 21.
Qd3 a5 22. Qd2 e5 23. Qxa5 exd4 24. exd4 Nf4 25. Bf1 Rxd4 26. Bc5 Ne6 27. Qxb6
Nxc5 28. Qxc5 Rd5 1-0

[Event "8eme Open International de La Fere"]
[Site "La Fere (FRA)"]
[Date "2009.07.06"]
[Round "4.22"]
[White "Obert, Julien"]
[Black "Feryn, Alexandre"]
[Result "0-1"]
[WhiteElo "1790"]
[BlackElo "1994"]
[PlyCount "156"]
[EventDate "2009.??.??"]

1. e4 c5 2. Nf3 e6 3. d4 cxd4 4. Nxd4 a6 5. Nc3 Qc7 6. Bd3 Nf6 7. O-O Bc5 8.
Nb3 Be7 9. a4 b6 10. Kh1 Bb7 11. Qe2 d6 12. f4 Nbd7 13. Be3 O-O 14. Rad1 Rfe8
15. Bg1 Nc5 16. Nxc5 bxc5 17. Rde1 Nd7 18. e5 Qc6 19. Be4 d5 20. Bf3 f6 21. Rd1
Qc7 22. Bg4 f5 23. Bf3 Reb8 24. b3 Rc8 25. Rc1 c4 26. Rfd1 Qa5 27. Qe1 Ba3 28.
Rb1 Bb4 29. Bd4 cxb3 30. Rxb3 Nc5 31. Bxc5 Rxc5 32. Rd3 Rac8 33. Qb1 Bxc3 34.
Rxb7 Qxa4 35. Rb8 Qxf4 36. Qb7 Qc4 37. Rxc8+ Rxc8 38. Qd7 Qc6 39. Qxc6 Rxc6 40.
Rxd5 Rb6 41. Rd1 Bxe5 42. Kg1 Kf7 43. c4 Rb4 44. Rc1 Bd4+ 45. Kf1 Bc5 46. Ra1
Rb6 47. h3 Kf6 48. Ke2 Ke5 49. Kd3 Rd6+ 50. Kc2 Kd4 51. Rd1+ Kxc4 52. Be2+ Kb4
53. Rxd6 Bxd6 54. Bxa6 Kc5 55. Kd3 Kd5 56. Bb7+ Ke5 57. Ke3 Bc5+ 58. Kf3 h5 59.
Bc8 h4 60. Bb7 Kf6 61. Bc6 e5 62. Ba4 e4+ 63. Ke2 Ke5 64. Bb5 Kf4 65. Bd7 g5
66. Bc8 g4 67. Kf1 gxh3 68. gxh3 Ke5 69. Ke2 f4 70. Bg4 Kf6 71. Bh5 Kg5 72. Bg4
Bb6 73. Kf1 f3 74. Bc8 Kf4 75. Bd7 e3 76. Bb5 e2+ 77. Bxe2 fxe2+ 78. Kxe2 Kg3
0-1

[Event "8eme Open International de La Fere"]
[Site "La Fere (FRA)"]
[Date "2009.07.06"]
[Round "4.23"]
[White "Wolfangel, Claude"]
[Black "Deneuville, Ludovic"]
[Result "0-1"]
[WhiteElo "1757"]
[BlackElo "1984"]
[PlyCount "96"]
[EventDate "2009.??.??"]

1. d4 d6 2. Nf3 Nf6 3. c4 Nbd7 4. Nc3 e5 5. dxe5 Nxe5 6. Nxe5 dxe5 7. Qxd8+
Kxd8 8. Bg5 c6 9. O-O-O+ Kc7 10. Bxf6 gxf6 11. e3 Be6 12. Be2 Be7 13. h3 f5 14.
g4 Rhg8 15. gxf5 Bxf5 16. Bg4 Bc8 17. Bxc8 Raxc8 18. Rhg1 Rg6 19. Rg3 Bh4 20.
Rxg6 hxg6 21. Kc2 Rh8 22. f4 Bg3 23. f5 gxf5 24. Rf1 Rh5 25. Ne2 Bh4 26. Rf3
Rg5 27. Rf1 Kd7 28. Ng1 Rg2+ 29. Kc3 Ke6 30. Nf3 Bf6 31. Rh1 e4+ 32. Nd4+ Bxd4+
33. Kxd4 b6 34. h4 Rd2+ 35. Kc3 Rd3+ 36. Kc2 Rxe3 37. Kd2 Rd3+ 38. Ke2 Rd8 39.
h5 Rh8 40. Ke3 Ke5 41. h6 f4+ 42. Ke2 Rh7 43. Rh5+ f5 44. Rh4 Kf6 45. Rxf4 Rxh6
46. Rf2 Ke5 47. Rg2 f4 48. Rf2 e3 0-1

[Event "8eme Open International de La Fere"]
[Site "La Fere (FRA)"]
[Date "2009.07.06"]
[Round "4.24"]
[White "Tillet, Louis-Juan"]
[Black "Rigolot, Lucie"]
[Result "1/2-1/2"]
[WhiteElo "2190"]
[BlackElo "1806"]
[PlyCount "57"]
[EventDate "2009.??.??"]

1. e4 c5 2. c3 d5 3. exd5 Qxd5 4. d4 Nf6 5. Nf3 e6 6. Be3 cxd4 7. cxd4 Qd8 8.
Nc3 Be7 9. Bd3 O-O 10. a3 b6 11. Qe2 Bb7 12. O-O Nbd7 13. Rad1 Nd5 14. Ne4 N7f6
15. Neg5 h6 16. Nh3 Bd6 17. Bc1 Qc7 18. Ne5 Ne7 19. Bb1 Rad8 20. f4 Nf5 21. Kh1
Be7 22. Be3 Bd5 23. Ng1 Ne4 24. Bf2 Nxf2+ 25. Qxf2 Bh4 26. Qe2 Qb7 27. Ngf3 Be7
28. Kg1 Rc8 29. Rfe1 1/2-1/2

[Event "8eme Open International de La Fere"]
[Site "La Fere (FRA)"]
[Date "2009.07.06"]
[Round "4.25"]
[White "Dumas, Victor"]
[Black "Gozzoli, Cyrille"]
[Result "0-1"]
[WhiteElo "1806"]
[BlackElo "2125"]
[PlyCount "110"]
[EventDate "2009.??.??"]

1. e4 d5 2. exd5 Qxd5 3. Nc3 Qa5 4. d4 c6 5. Nf3 Nf6 6. Bd2 Bf5 7. Bc4 e6 8.
O-O Nbd7 9. Ne2 Qc7 10. Bf4 Bd6 11. Bxd6 Qxd6 12. c3 O-O 13. Ng3 Bg6 14. Re1 b5
15. Bb3 h6 16. Bc2 Bxc2 17. Qxc2 a5 18. Ne5 Rfc8 19. Rad1 b4 20. c4 Qe7 21. f3
a4 22. Ne4 Nxe5 23. dxe5 Nxe4 24. Qxe4 b3 25. a3 Qc5+ 26. Qd4 Qa5 27. Qe4 Rd8
28. Qxc6 Rdc8 29. Qb5 Qa7+ 30. Kf1 Rab8 31. Qd7 Qa6 32. Re4 Rxc4 33. Rxc4 Qxc4+
34. Qd3 Qf4 35. Qd4 Qxh2 36. Rd2 Qh1+ 37. Qg1 Qh4 38. Qd4 Qg5 39. f4 Qg4 40.
Qxa4 Rc8 41. Kf2 Qh4+ 42. Kf3 g5 43. Qd4 g4+ 44. Ke2 Qh1 45. Ke3 Qg1+ 46. Kd3
Qf1+ 47. Ke3 Qe1+ 48. Kd3 Qg3+ 49. Ke4 Qe1+ 50. Kd3 Kg7 51. a4 Qf1+ 52. Ke3 Rc4
53. Qd3 Qe1+ 54. Re2 Qg3+ 55. Kd2 Rc2+ 0-1

[Event "8eme Open International de La Fere"]
[Site "La Fere (FRA)"]
[Date "2009.07.06"]
[Round "4.26"]
[White "Mataigne, Jean-Michel"]
[Black "Belloc, Sidonie"]
[Result "1-0"]
[WhiteElo "2053"]
[BlackElo "1792"]
[PlyCount "53"]
[EventDate "2009.??.??"]

1. e4 e6 2. d4 d5 3. e5 c5 4. c3 Nc6 5. Nf3 Qb6 6. a3 Nge7 7. b4 cxd4 8. cxd4
Nf5 9. Bb2 Bd7 10. g4 Nfe7 11. h4 a6 12. Nc3 Na7 13. Bd3 Bb5 14. Nxb5 Nxb5 15.
Qd2 Nc6 16. O-O Be7 17. Qf4 O-O 18. g5 Rac8 19. Rad1 Nca7 20. Rc1 Rc6 21. h5
Qc7 22. Rxc6 Nxc6 23. Qg4 Qd7 24. Kg2 Nc7 25. Bc1 g6 26. Rh1 Bd8 27. Qh4 1-0

[Event "8eme Open International de La Fere"]
[Site "La Fere (FRA)"]
[Date "2009.07.06"]
[Round "4.27"]
[White "Husson, Cybele"]
[Black "Dagnicourt, Francis"]
[Result "1-0"]
[WhiteElo "2037"]
[BlackElo "1765"]
[PlyCount "35"]
[EventDate "2009.??.??"]

1. e4 d6 2. d4 Nf6 3. Nc3 g6 4. Bf4 Bg7 5. Nf3 c5 6. Bb5+ Bd7 7. Bxd7+ Nfxd7 8.
d5 Qa5 9. Bd2 O-O 10. O-O b5 11. Qe2 a6 12. e5 Qc7 13. e6 Nb6 14. exf7+ Rxf7
15. Ng5 Rf5 16. Qe6+ Kh8 17. Nf7+ Rxf7 18. Qxf7 1-0

[Event "8eme Open International de La Fere"]
[Site "La Fere (FRA)"]
[Date "2009.07.06"]
[Round "4.28"]
[White "Guille, Nicolas"]
[Black "Daces, Philippe"]
[Result "0-1"]
[WhiteElo "1782"]
[BlackElo "2023"]
[PlyCount "77"]
[EventDate "2009.??.??"]

1. e4 d5 2. exd5 Qxd5 3. Nc3 Qa5 4. d4 Nf6 5. Nf3 Bf5 6. Bd3 Bxd3 7. Qxd3 Nc6
8. Qb5 Qxb5 9. Nxb5 O-O-O 10. c4 e6 11. Bf4 a6 12. Nxc7 Nxd4 13. Na8 Bd6 14.
Bxd6 Nxf3+ 15. gxf3 Rxd6 16. c5 Rd4 17. Rc1 Nd5 18. a3 Nf4 19. Rc2 Rhd8 20. O-O
Rd2 21. Rxd2 Rxd2 22. b4 Rd3 23. a4 Rxf3 24. Rb1 Rc3 25. h4 Rc1+ 26. Rxc1 Ne2+
27. Kg2 Nxc1 28. b5 Nd3 29. c6 axb5 30. axb5 bxc6 31. bxc6 Nb4 32. c7 Nd5 33.
Kf3 Kb7 34. Ke4 Nxc7 35. Nxc7 Kxc7 36. f4 Kd6 37. Kf3 Kd5 38. h5 e5 39. fxe5
0-1